[Event "Titled Tuesday intern op 30th May Early"]
[Site "Chess.com INT"]
[Date "2023.05.30"]
[Round "7"]
[White "Borodavkin, Anatoly"]
[Black "Sanchez, Roberto Daniel"]
[Result "1-0"]
[WhiteElo "2091"]
[BlackElo "1966"]
[PlyCount "94"]
[EventDate "2023.05.30"]
[EventType "swiss (blitz)"]
[EventRounds "11"]
[EventCountry "USA"]
[SourceTitle "CBM 214 Extra"]
[Source "ChessBase"]
[SourceDate "2023.07.31"]
[SourceVersion "1"]
[SourceVersionDate "2023.07.31"]
[SourceQuality "1"]

1. e4 e6 2. d4 d5 3. Nc3 Nf6 4. exd5 exd5 5. Bd3 Bb4 6. Nge2 Bg4 7. 0-0 Bxc3 8. bxc3 0-0 9. f3 Bh5 10. Nf4 Bg6 11. Nxg6 hxg6 12. c4 dxc4 13. Bxc4 Nc6 14. c3 Re8 15. Qb3 Re7 16. Ba3 Na5 17. Qb4 c5 18. Qxc5 Rc7 19. Qxa5 Rxc4 20. Qxd8+ Rxd8 21. Be7 Rdc8 22. Bxf6 gxf6 23. Rab1 b6 24. Rfe1 Kf8 25. Re2 Rxc3 26. Kf2 Rd3 27. Rb4 Rd8 28. Ra4 Rd7 29. Re4 f5 30. Rh4 Kg7 31. Ke2 Rc3 32. Kd2 Rc6 33. g4 f4 34. g5 b5 35. Rb4 a5 36. Rxb5 Rxd4+ 37. Ke2 Rc2+ 38. Ke1 Rxa2 39. Rb8 Rg2 40. Rhh8 Rxg5 41. Rhg8+ Kf6 42. Rb6+ Ke7 43. Rb7+ Rd7 44. Rbb8 Re5+ 45. Kf2 Ra7 46. Rge8+ Kf6 47. Rb6+ Kf5 1-0

[Event "Titled Tuesday intern op 30th May Early"]
[Site "Chess.com INT"]
[Date "2023.05.30"]
[Round "6"]
[White "Jegorovas, Aleksandras"]
[Black "Borodavkin, Anatoly"]
[Result "1-0"]
[WhiteElo "2270"]
[BlackElo "2091"]
[PlyCount "43"]
[EventDate "2023.05.30"]
[EventType "swiss (blitz)"]
[EventRounds "11"]
[EventCountry "USA"]
[SourceTitle "CBM 214 Extra"]
[Source "ChessBase"]
[SourceDate "2023.07.31"]
[SourceVersion "1"]
[SourceVersionDate "2023.07.31"]
[SourceQuality "1"]

1. d4 d5 2. c4 Nc6 3. Nf3 Bg4 4. Nc3 e6 5. Bf4 Nf6 6. e3 Bd6 7. Bg3 0-0 8. Be2 h6 9. 0-0 Bxg3 10. hxg3 dxc4 11. Bxc4 Re8 12. Be2 Nd5 13. Rc1 Nce7 14. Ne4 c6 15. Nc5 Qb6 16. Ne5 Bxe2 17. Qxe2 a5 18. Qf3 Nf6 19. Ncd7 Nxd7 20. Qxf7+ Kh7 21. Nxd7 Qxb2 22. Nf6+ 1-0

[Event "Titled Tuesday intern op 29th Mar Early"]
[Site "Chess.com INT"]
[Date "2022.03.29"]
[Round "6"]
[White "Borodavkin, Anatoly"]
[Black "Jeet, Jain"]
[Result "0-1"]
[WhiteElo "2091"]
[BlackElo "2279"]
[PlyCount "134"]
[EventDate "2022.03.29"]
[EventType "swiss (blitz)"]
[EventRounds "11"]
[EventCountry "USA"]
[SourceTitle "CBM 207 Extra"]
[Source "ChessBase"]
[SourceDate "2022.05.31"]
[SourceVersion "1"]
[SourceVersionDate "2022.05.31"]
[SourceQuality "1"]

1. e4 c6 2. d4 d5 3. exd5 cxd5 4. Bd3 Nf6 5. Ne2 Nc6 6. c3 e5 7. dxe5 Nxe5 8. 0-0 Bc5 9. Bf4 Ng6 10. Bg5 Be6 11. Bb5+ Kf8 12. Nd2 h6 13. Be3 Bxe3 14. fxe3 Ng4 15. Nd4 Qd6 16. Nxe6+ Qxe6 17. Qf3 Qxe3+ 18. Kh1 Qxf3 19. Nxf3 Rd8 20. Nd4 Nf6 21. Rae1 Kg8 22. Nf5 Kh7 23. Ne7 a6 24. Bd3 Rhe8 25. Nxg6 fxg6 26. h4 h5 27. Kg1 Kh6 28. g3 g5 29. Rxe8 Rxe8 30. hxg5+ Kxg5 31. Rf5+ Kg4 32. Kg2 Re3 33. Rf4+ Kg5 34. Bb1 Re2+ 35. Kf3 Rxb2 36. Rf5+ Kg6 37. Bd3 Ne4 38. Rxd5 Rf2+ 39. Ke3 Rxa2 40. Bxe4+ Kh6 41. Bf3 g6 42. Rd7 Ra3 43. Kd3 b5 44. Rd6 b4 45. Rc6 bxc3 46. Rxc3 Ra5 47. Be4 Rg5 48. Kd4 a5 49. Kc4 Kg7 50. Ra3 Rg4 51. Kd5 Kf6 52. Rf3+ Kg5 53. Ke5 Kh6 54. Ra3 Kh7 55. Kd4 Kg7 56. Rxa5 Rxg3 57. Ra7+ Kh6 58. Ra6 h4 59. Ke5 h3 60. Kf4 Rg1 61. Ra8 g5+ 62. Kf3 g4+ 63. Kf2 Rc1 64. Kg3 Rg1+ 65. Kf2 Rd1 66. Kg3 Rd4 67. Bf5 Kg5 0-1

[Event "Titled Tuesday intern op 22 Mar Early"]
[Site "Chess.com INT"]
[Date "2022.03.22"]
[Round "10"]
[White "Borodavkin, Anatoly"]
[Black "Horcajuelo Rocamora, Martin"]
[Result "1/2-1/2"]
[WhiteElo "2091"]
[BlackElo "2193"]
[PlyCount "102"]
[EventDate "2022.03.22"]
[EventType "swiss (blitz)"]
[EventRounds "11"]
[EventCountry "USA"]
[SourceTitle "CBM 207 Extra"]
[Source "ChessBase"]
[SourceDate "2022.05.31"]
[SourceVersion "1"]
[SourceVersionDate "2022.05.31"]
[SourceQuality "1"]

1. e4 e5 2. Nf3 Nc6 3. Bb5 Nf6 4. 0-0 Nxe4 5. d4 Nd6 6. Bxc6 dxc6 7. dxe5 Nf5 8. Qxd8+ Kxd8 9. Nc3 Bd7 10. Bf4 Kc8 11. Rfd1 h6 12. h3 Be7 13. Rd3 b6 14. Rad1 Be6 15. b3 Kb7 16. g4 Nh4 17. Nd4 Bd5 18. Bg3 Rad8 19. Nxd5 cxd5 20. Bxh4 Bxh4 21. Nf5 Bg5 22. Rxd5 Rxd5 23. Rxd5 g6 24. Ng3 Bf4 25. Ne2 Bg5 26. f4 Bh4 27. Kg2 h5 28. Nd4 hxg4 29. hxg4 Be7 30. Rd7 Re8 31. c4 a6 32. e6 f6 33. f5 g5 34. Kf3 Bd6 35. Ne2 Rh8 36. Rf7 Rh3+ 37. Kg2 Rh2+ 38. Kf3 Be5 39. b4 Rh3+ 40. Kg2 Rh2+ 41. Kf3 Rh3+ 42. Kg2 Rh4 43. Kf3 Rh8 44. c5 bxc5 45. bxc5 Kc6 46. Nc1 Kd5 47. Nd3 Rh3+ 48. Ke2 Rh2+ 49. Kf3 Rh3+ 50. Ke2 Rh2+ 51. Kf3 Rh3+ 1/2-1/2

[Event "Titled Tuesday intern op 22 Mar Early"]
[Site "Chess.com INT"]
[Date "2022.03.22"]
[Round "4"]
[White "Borodavkin, Anatoly"]
[Black "Migot, Tangi"]
[Result "0-1"]
[WhiteElo "2091"]
[BlackElo "2353"]
[PlyCount "80"]
[EventDate "2022.03.22"]
[EventType "swiss (blitz)"]
[EventRounds "11"]
[EventCountry "USA"]
[SourceTitle "CBM 207 Extra"]
[Source "ChessBase"]
[SourceDate "2022.05.31"]
[SourceVersion "1"]
[SourceVersionDate "2022.05.31"]
[SourceQuality "1"]

1. e4 c5 2. Nc3 a6 3. g3 b5 4. Bg2 Bb7 5. d3 h5 6. h3 h4 7. g4 e6 8. f4 g5 9. fxg5 Ne7 10. Nf3 Ng6 11. 0-0 Qc7 12. Qe1 Nc6 13. Be3 Bd6 14. e5 Ncxe5 15. Ne4 Bxe4 16. dxe4 Nxf3+ 17. Rxf3 Ne5 18. Rf1 Nc4 19. Bf2 Bh2+ 20. Kh1 Be5 21. Bxh4 Bxb2 22. Rb1 Bg7 23. Bg3 Be5 24. Bxe5 Nxe5 25. Qf2 0-0-0 26. Kg1 d6 27. a4 b4 28. c3 a5 29. cxb4 axb4 30. a5 Kb8 31. a6 Ka7 32. Qe2 Rb8 33. Ra1 c4 34. Rfc1 Qc5+ 35. Kh1 b3 36. Rab1 c3 37. Qd1 c2 38. Qe1 cxb1Q 39. Rxb1 b2 40. Qe2 Qd4 0-1

[Event "Titled Tuesday intern op 22 Mar Late"]
[Site "Chess.com INT"]
[Date "2022.03.22"]
[Round "10"]
[White "Borodavkin, Anatoly"]
[Black "Mirza, Diana"]
[Result "1/2-1/2"]
[WhiteElo "2091"]
[BlackElo "1905"]
[PlyCount "118"]
[EventDate "2022.03.22"]
[EventType "swiss (blitz)"]
[EventRounds "11"]
[EventCountry "USA"]
[SourceTitle "CBM 207 Extra"]
[Source "ChessBase"]
[SourceDate "2022.05.31"]
[SourceVersion "1"]
[SourceVersionDate "2022.05.31"]
[SourceQuality "1"]

1. e4 d5 2. exd5 Qxd5 3. Nf3 Qd8 4. d4 Nf6 5. Be2 Bg4 6. h3 Bxf3 7. Bxf3 c6 8. 0-0 e6 9. c4 Be7 10. Re1 0-0 11. Nc3 Nbd7 12. Bf4 Nb6 13. b3 Qd7 14. d5 cxd5 15. cxd5 Nbxd5 16. Nxd5 Nxd5 17. Bg3 Bf6 18. Rc1 Qb5 19. a4 Qb6 20. Qd3 Nb4 21. Qe4 Rad8 22. Bc7 Qa6 23. Bxd8 Rxd8 24. Qxb4 g6 25. Qxb7 Qd3 26. Rcd1 Qc3 27. Rxd8+ Bxd8 28. Rd1 Bb6 29. Qc6 Qxb3 30. Rc1 Qb2 31. Qc8+ Kg7 32. Qc3+ Qxc3 33. Rxc3 Kf6 34. Kf1 Ke5 35. Rd3 f5 36. Rd7 h5 37. g4 hxg4 38. hxg4 Kf4 39. Be2 fxg4 40. Rg7 g5 41. Rf7+ Ke5 42. Bxg4 Bd4 43. f3 Kd5 44. Rg7 Bxg7 45. Ke2 Bd4 46. Kd3 e5 47. Bf5 Kc5 48. Bd7 Kb4 49. Bc6 Ka5 50. Bd7 Bb2 51. Ke4 Kb6 52. Kf5 Bc1 53. Kxe5 Bf4+ 54. Ke4 Kc7 55. Bb5 Kb6 56. Be8 Kc5 57. Bb5 Kb6 58. Be8 Ka5 59. Bb5 Kb6 1/2-1/2

[Event "Titled Tuesday intern op 22 Mar Late"]
[Site "Chess.com INT"]
[Date "2022.03.22"]
[Round "5"]
[White "Horcajuelo Rocamora, Martin"]
[Black "Borodavkin, Anatoly"]
[Result "1-0"]
[WhiteElo "2193"]
[BlackElo "2091"]
[PlyCount "61"]
[EventDate "2022.03.22"]
[EventType "swiss (blitz)"]
[EventRounds "11"]
[EventCountry "USA"]
[SourceTitle "CBM 207 Extra"]
[Source "ChessBase"]
[SourceDate "2022.05.31"]
[SourceVersion "1"]
[SourceVersionDate "2022.05.31"]
[SourceQuality "1"]

1. e4 e5 2. Nf3 Nf6 3. Nxe5 d6 4. Nf3 Nxe4 5. Nc3 Nxc3 6. dxc3 Be7 7. Be3 Nc6 8. Qd2 Be6 9. 0-0-0 Qd7 10. Kb1 a6 11. h3 0-0-0 12. g4 f5 13. g5 Rhf8 14. Nd4 Nxd4 15. Qxd4 c5 16. Qxg7 Rf7 17. Qh6 Bf8 18. Qh5 f4 19. Bc1 Bg7 20. Bg2 Qa4 21. b3 Qa5 22. Qe2 Re7 23. Bb2 Bxc3 24. Bxc3 Bxb3 25. Bxa5 Bxa2+ 26. Kxa2 Rxe2 27. Bxd8 Rxc2+ 28. Kb3 Rxf2 29. Rxd6 Rxg2 30. Bb6 Rg3+ 31. Kc4 1-0

[Event "Titled Tuesday intern op 22 Mar Early"]
[Site "Chess.com INT"]
[Date "2022.03.22"]
[Round "5"]
[White "Reprintsev, Alexander"]
[Black "Borodavkin, Anatoly"]
[Result "1-0"]
[WhiteElo "2353"]
[BlackElo "2091"]
[PlyCount "81"]
[EventDate "2022.03.22"]
[EventType "swiss (blitz)"]
[EventRounds "11"]
[EventCountry "USA"]
[SourceTitle "CBM 207 Extra"]
[Source "ChessBase"]
[SourceDate "2022.05.31"]
[SourceVersion "1"]
[SourceVersionDate "2022.05.31"]
[SourceQuality "1"]

1. e4 e5 2. f4 exf4 3. Bc4 Qh4+ 4. Kf1 Nc6 5. Nf3 Qh6 6. Qe2 d6 7. Nc3 Be6 8. Nd5 0-0-0 9. d4 g5 10. h4 g4 11. Ng5 Nxd4 12. Qf2 Bg7 13. Bxf4 Qh5 14. c3 Nc6 15. Re1 Nge7 16. Nxe7+ Nxe7 17. Nxe6 fxe6 18. Bxe6+ Kb8 19. g3 Qb5+ 20. Kg2 h5 21. Bb3 Rhf8 22. Rhf1 Ng6 23. Qe2 Qxe2+ 24. Rxe2 Rde8 25. Bc2 Nxf4+ 26. gxf4 Bh6 27. Kg3 d5 28. e5 Re7 29. f5 Rfe8 30. e6 Rf8 31. f6 Ree8 32. Bg6 Kc8 33. Bxe8 Rxe8 34. f7 Rh8 35. e7 Kd7 36. e8Q+ Rxe8 37. fxe8Q+ Kd6 38. Rf6+ Kc5 39. b4+ Kc4 40. Rxh6 Kd3 41. Qe3+ 1-0

[Event "Titled Tuesday intern op 15 Mar Early"]
[Site "Chess.com INT"]
[Date "2022.03.15"]
[Round "7"]
[White "Borodavkin, Anatoly"]
[Black "Flis, Pawel"]
[Result "1/2-1/2"]
[WhiteElo "2091"]
[BlackElo "1885"]
[PlyCount "111"]
[EventDate "2022.03.15"]
[EventType "swiss (blitz)"]
[EventRounds "11"]
[EventCountry "USA"]
[SourceTitle "CBM 207 Extra"]
[Source "ChessBase"]
[SourceDate "2022.05.31"]
[SourceVersion "1"]
[SourceVersionDate "2022.05.31"]
[SourceQuality "1"]

1. e4 c5 2. Nc3 Nc6 3. g3 g6 4. Bg2 Bg7 5. d3 e6 6. Be3 Nd4 7. f4 Ne7 8. e5 Nef5 9. Bf2 0-0 10. Ne4 d5 11. exd6 Nxd6 12. c3 Nxe4 13. dxe4 Qa5 14. Qd2 Nc6 15. Ne2 Rd8 16. Qc2 b6 17. e5 Bb7 18. 0-0 Rab8 19. a3 Qa6 20. Rfd1 Ne7 21. Bf1 Bf3 22. Rxd8+ Rxd8 23. Nd4 Qb7 24. Nxf3 Qxf3 25. Bg2 Qd3 26. Qxd3 Rxd3 27. Kf1 f6 28. exf6 Bxf6 29. Ke1 Kf7 30. Rd1 Rxd1+ 31. Kxd1 Nd5 32. Ke2 g5 33. fxg5 Bxg5 34. Kd3 Bc1 35. Kc2 Be3 36. Be1 Bg1 37. Bxd5 exd5 38. h4 h5 39. Kd3 Ke6 40. Ke2 d4 41. Kd3 Kf5 42. b4 dxc3 43. Kxc3 Bd4+ 44. Kd3 Bb2 45. a4 cxb4 46. Bxb4 Kg4 47. Bd6 Bc1 48. Kc4 a6 49. Kd5 Be3 50. Kc6 b5 51. axb5 axb5 52. Kxb5 Bf2 53. Kc4 Bxg3 54. Bc5 Bxh4 55. Kd3 Kf3 56. Kd2 1/2-1/2

[Event "Titled Tuesday intern op 15 Mar Early"]
[Site "Chess.com INT"]
[Date "2022.03.15"]
[Round "9"]
[White "Borodavkin, Anatoly"]
[Black "Zong, Davis Jr"]
[Result "0-1"]
[WhiteElo "2091"]
[BlackElo "2141"]
[PlyCount "82"]
[EventDate "2022.03.15"]
[EventType "swiss (blitz)"]
[EventRounds "11"]
[EventCountry "USA"]
[SourceTitle "CBM 207 Extra"]
[Source "ChessBase"]
[SourceDate "2022.05.31"]
[SourceVersion "1"]
[SourceVersionDate "2022.05.31"]
[SourceQuality "1"]

1. e4 e5 2. Nf3 Nc6 3. Bb5 a6 4. Ba4 Nf6 5. 0-0 Be7 6. d3 b5 7. Bb3 0-0 8. a4 b4 9. Nbd2 d6 10. Nc4 Bg4 11. Be3 Nd7 12. h3 Bh5 13. a5 Nc5 14. Bxc5 Bxf3 15. Qxf3 dxc5 16. c3 Bd6 17. Qe2 Rb8 18. Qc2 Qg5 19. Rab1 Ne7 20. Qc1 Qh4 21. Qe3 Ng6 22. Qg3 Qf6 23. Qg4 Nf4 24. Rfd1 g6 25. Kh2 h5 26. Qf3 Qg5 27. g3 Ne6 28. h4 Qe7 29. Qg2 Kg7 30. Rf1 Rbd8 31. Rbd1 c6 32. Nxd6 Rxd6 33. f4 exf4 34. gxf4 Qxh4+ 35. Qh3 Qf6 36. Qg3 Rd7 37. f5 Ng5 38. Rg1 Nh7 39. Rdf1 g5 40. Qh3 Qh6 41. Rg2 f6 0-1

[Event "Titled Tuesday intern op 15 Mar Early"]
[Site "Chess.com INT"]
[Date "2022.03.15"]
[Round "10"]
[White "Samaganova, Alexandra"]
[Black "Borodavkin, Anatoly"]
[Result "1-0"]
[WhiteElo "1917"]
[BlackElo "2091"]
[PlyCount "119"]
[EventDate "2022.03.15"]
[EventType "swiss (blitz)"]
[EventRounds "11"]
[EventCountry "USA"]
[SourceTitle "CBM 207 Extra"]
[Source "ChessBase"]
[SourceDate "2022.05.31"]
[SourceVersion "1"]
[SourceVersionDate "2022.05.31"]
[SourceQuality "1"]

1. c4 e5 2. Nc3 d6 3. g3 Be6 4. d3 Nc6 5. Bg2 Qd7 6. h3 g6 7. Rb1 Bg7 8. b4 f5 9. b5 Nd8 10. Bd2 Nf6 11. Nf3 h6 12. Qc2 0-0 13. c5 Nf7 14. cxd6 cxd6 15. 0-0 f4 16. Kh2 fxg3+ 17. fxg3 Rac8 18. Qa4 b6 19. Rbc1 d5 20. e3 Rc7 21. Ne2 Rfc8 22. Rxc7 Rxc7 23. Rc1 Rxc1 24. Bxc1 Qc7 25. Bb2 Nd7 26. d4 e4 27. Nh4 Kh7 28. Nf4 Nd8 29. Nhxg6 Bf7 30. Ne7 Nf6 31. Nf5 Ne6 32. Nxg7 Kxg7 33. Qb3 Nxf4 34. gxf4 Ne8 35. Ba3 Nd6 36. Bxd6 Qxd6 37. Qa4 Qc7 38. Qd1 Qc3 39. Qg4+ Kf8 40. Qg3 Qd2 41. f5 Qxa2 42. f6 Qa3 43. Qg7+ Ke8 44. Qxh6 a5 45. Qf4 Qb4 46. Qb8+ Kd7 47. Qxb6 Qc3 48. Qc6+ Qxc6 49. bxc6+ Kxc6 50. Bf1 a4 51. Be2 a3 52. h4 a2 53. h5 a1Q 54. h6 Qb2 55. h7 Qxe2+ 56. Kg3 Qh5 57. h8Q Qh7 58. Qxh7 Be6 59. Qe7 Bd7 60. f7 1-0

[Event "Titled Tuesday intern op 08th Mar Early"]
[Site "Chess.com INT"]
[Date "2022.03.08"]
[Round "11"]
[White "Borodavkin, Anatoly"]
[Black "Ptacnikova, Lenka"]
[Result "1/2-1/2"]
[WhiteElo "2091"]
[BlackElo "2177"]
[PlyCount "77"]
[EventDate "2022.03.08"]
[EventType "swiss (blitz)"]
[EventRounds "11"]
[EventCountry "USA"]
[SourceTitle "CBM 207 Extra"]
[Source "ChessBase"]
[SourceDate "2022.05.31"]
[SourceVersion "1"]
[SourceVersionDate "2022.05.31"]
[SourceQuality "1"]

1. e4 c5 2. Nc3 e6 3. g3 d5 4. Bg2 dxe4 5. Nxe4 Be7 6. d3 Nf6 7. Be3 Qc7 8. Ne2 Nd5 9. Bd2 Nc6 10. 0-0 0-0 11. Nf4 Nxf4 12. Bxf4 e5 13. Be3 b6 14. f4 Bb7 15. fxe5 Nxe5 16. Bf4 Rae8 17. Qd2 f6 18. Rae1 Qd7 19. h3 Ng6 20. Re2 Nxf4 21. Qxf4 Bd8 22. Rfe1 Bc7 23. Qf3 Bc8 24. g4 Be5 25. c3 Rd8 26. Nf2 Ba6 27. Rd1 Rfe8 28. Red2 Qc7 29. d4 cxd4 30. cxd4 Bf4 31. Rd3 Bxd3 32. Nxd3 Bd6 33. Qd5+ Kh8 34. Qf3 Qc4 35. d5 Qxa2 36. g5 fxg5 37. Rf1 Qc4 38. Qd1 Qd4+ 39. Kh1 1/2-1/2

[Event "Titled Tuesday intern op 12th Jan"]
[Site "Chess.com INT"]
[Date "2021.01.12"]
[Round "1"]
[White "Borodavkin, Anatoly"]
[Black "Kim, Sergey2222"]
[Result "0-1"]
[WhiteElo "2091"]
[BlackElo "2295"]
[PlyCount "82"]
[EventDate "2021.01.12"]
[EventType "swiss (blitz)"]
[EventRounds "11"]
[EventCountry "USA"]
[SourceTitle "CBM 200 Extra"]
[Source "ChessBase"]
[SourceDate "2021.03.31"]
[SourceVersion "1"]
[SourceVersionDate "2021.03.31"]
[SourceQuality "1"]

1. e4 e5 2. Nf3 Nc6 3. Bb5 a6 4. Ba4 Nf6 5. 0-0 b5 6. Bb3 Bc5 7. d3 d6 8. a4 b4 9. h3 h6 10. Be3 Ba7 11. a5 0-0 12. Nbd2 Be6 13. Nc4 Ne7 14. Qd2 Kh7 15. Qxb4 Ng6 16. Qd2 Nh5 17. Bxa7 Rxa7 18. Ne3 Nhf4 19. Nd5 c6 20. Nxf4 Nxf4 21. Nh2 Bxb3 22. cxb3 c5 23. Kh1 Rb7 24. Ra3 Qf6 25. Qe3 Ne6 26. Ng4 Qe7 27. g3 Nd4 28. f4 Nc2 29. Qf3 Nxa3 30. bxa3 exf4 31. gxf4 Rxb3 32. f5 Qh4 33. f6 g6 34. e5 c4 35. Nf2 dxe5 36. Qd5 Rb2 37. Qd6 Kg8 38. Qc5 cxd3 39. Kg1 Qg5+ 40. Kh1 Qxf6 41. Qc1 Rxf2 0-1

[Event "Titled Tuesday intern op 12th Jan"]
[Site "Chess.com INT"]
[Date "2021.01.12"]
[Round "9"]
[White "Borodavkin, Anatoly"]
[Black "Tarasova, Viktoriya"]
[Result "0-1"]
[WhiteElo "2091"]
[BlackElo "2226"]
[PlyCount "38"]
[EventDate "2021.01.12"]
[EventType "swiss (blitz)"]
[EventRounds "11"]
[EventCountry "USA"]
[SourceTitle "CBM 200 Extra"]
[Source "ChessBase"]
[SourceDate "2021.03.31"]
[SourceVersion "1"]
[SourceVersionDate "2021.03.31"]
[SourceQuality "1"]

1. e4 e5 2. Nf3 Nc6 3. Bb5 Nf6 4. 0-0 Nxe4 5. d4 Nd6 6. Bxc6 dxc6 7. Nxe5 Be7 8. Nc3 0-0 9. Re1 Nf5 10. Ne2 c5 11. d5 Bd6 12. Nf3 Nh4 13. Ng3 Bg4 14. Re4 f5 15. Re1 f4 16. Ne4 Bxf3 17. gxf3 Qd7 18. Ng5 Qf5 19. Ne6 Qh3 0-1

[Event "Titled Tuesday intern op 12th Jan"]
[Site "Chess.com INT"]
[Date "2021.01.12"]
[Round "2"]
[White "Tronenkovs, Valdis"]
[Black "Borodavkin, Anatoly"]
[Result "1-0"]
[WhiteElo "2265"]
[BlackElo "2091"]
[PlyCount "47"]
[EventDate "2021.01.12"]
[EventType "swiss (blitz)"]
[EventRounds "11"]
[EventCountry "USA"]
[SourceTitle "CBM 200 Extra"]
[Source "ChessBase"]
[SourceDate "2021.03.31"]
[SourceVersion "1"]
[SourceVersionDate "2021.03.31"]
[SourceQuality "1"]

1. e4 e5 2. Bc4 Nf6 3. d3 Be7 4. Nc3 0-0 5. f4 d6 6. Nf3 Nc6 7. 0-0 h6 8. f5 Na5 9. Bb3 Nxb3 10. axb3 c6 11. Qe1 Qc7 12. h3 Re8 13. g4 d5 14. g5 hxg5 15. Bxg5 dxe4 16. dxe4 Nh7 17. Be3 b6 18. Kh1 Kh8 19. Rg1 g6 20. fxg6 fxg6 21. Rxg6 Bxh3 22. Qg3 Qd7 23. Nxe5 Qc8 24. Nf7# 1-0

[Event "Titled Tuesday intern op 11th Aug"]
[Site "Chess.com INT"]
[Date "2020.08.11"]
[Round "9"]
[White "Borodavkin, Anatoly"]
[Black "Lopez Calderon, Alfonso Al"]
[Result "0-1"]
[WhiteElo "2091"]
[BlackElo "2120"]
[PlyCount "82"]
[EventDate "2020.08.11"]
[EventType "swiss (blitz)"]
[EventRounds "10"]
[EventCountry "USA"]
[SourceTitle "CBM 197 Extra"]
[Source "ChessBase"]
[SourceDate "2020.09.30"]
[SourceVersion "1"]
[SourceVersionDate "2020.09.30"]
[SourceQuality "1"]

1. e4 c5 2. Nc3 e6 3. g3 d5 4. d3 Nf6 5. Bg2 Nc6 6. f4 Be7 7. e5 Nd7 8. Nf3 0-0 9. 0-0 Rb8 10. g4 b5 11. Ne2 Bb7 12. Qe1 Nb4 13. Qd2 d4 14. c3 dxc3 15. bxc3 Nd5 16. d4 c4 17. f5 b4 18. cxb4 Bxb4 19. Qd1 c3 20. Ng5 Qb6 21. Kh1 Ba6 22. Qe1 h6 23. Qh4 Bxe2 24. Nxe6 fxe6 25. Bxh6 gxh6 26. Qxh6 exf5 27. Bxd5+ Rf7 28. Bxf7+ Kxf7 29. Rxf5+ Ke8 30. Qh8+ Nf8 31. Qh5+ Kd8 32. Qg5+ Be7 33. Qg7 Qxd4 34. Rxf8+ Bxf8 35. Qxf8+ Kc7 36. Qe7+ Kc6 37. Qe6+ Kc7 38. Qe7+ Qd7 39. Qf6 Qc6+ 40. Qxc6+ Kxc6 41. Kg1 c2 0-1